(Customs Compendium) Customs Computerization : (Record no. 2860)

000 -LEADER
fixed length control field nam a22 a 4500
005 - DATE AND TIME OF LATEST TRANSACTION
control field 20170518142323.0
008 - FIXED-LENGTH DATA ELEMENTS--GENERAL INFORMATION
fixed length control field 170518s2004 be ||||| |||| 00| 0 eng d
040 ## - CATALOGING SOURCE
Original cataloging agency AKMAL
082 ## - DEWEY DECIMAL CLASSIFICATION NUMBER
Classification number 003 WCO
090 ## - LOCALLY ASSIGNED LC-TYPE CALL NUMBER (OCLC); LOCAL CALL NUMBER (RLIN)
Classification number (OCLC) (R) ; Classification number, CALL (RLIN) (NR) 003
Local cutter number (OCLC) ; Book number/undivided call number, CALL (RLIN) WCO
245 10 - TITLE STATEMENT
Title (Customs Compendium) Customs Computerization :
Remainder of title Guidelines For Customs Administrations On Key Considerations For Purchase, Development And Maintenance OF Customs ICT Systems /
Statement of responsibility, etc. World Customs Organization.
260 ## - PUBLICATION, DISTRIBUTION, ETC.
Place of publication, distribution, etc. Brussels ;
Name of publisher, distributor, etc. World Customs Organization,
Date of publication, distribution, etc. 2004.
300 ## - PHYSICAL DESCRIPTION
Extent 28pages ;
Dimensions 29cm
500 ## - GENERAL NOTE
General note Part 2<br/>D/2004/0448/5
650 10 - SUBJECT ADDED ENTRY--TOPICAL TERM
Topical term or geographic name entry element Customs ICT Systems
General subdivision Development and Maintenance
9 (RLIN) 6031
710 10 - ADDED ENTRY--CORPORATE NAME
Corporate name or jurisdiction name as entry element World Customs Organization
9 (RLIN) 5917
942 ## - ADDED ENTRY ELEMENTS (KOHA)
Source of classification or shelving scheme
Koha item type Book
950 ## - LOCAL HOLDINGS (RLIN)
Permanent shelving location, LOC (RLIN) AKMAL
Holdings
Withdrawn status Lost status Source of classification or shelving scheme Damaged status Not for loan Collection code Home library Current library Shelving location Date acquired Inventory number Total Checkouts Full call number Barcode Date last seen Price effective from Koha item type
          NON-FICTION AKMAL Melaka AKMAL Melaka PINJAMAN 18.05.2017 002452   003 WCO 201703522 18.05.2017 18.05.2017 Book
          NON-FICTION AKMAL Melaka AKMAL Melaka PINJAMAN 18.05.2017 000944   003 WCO 201703808 18.05.2017 18.05.2017 Book
Pusat Sumber Maklumat Dato' Haji Sarmin Md Hussin, Akademi Kastam Diraja Malaysia, Melaka
Tel: 06-2331106 | Faks: 06-2313787